LIBRARY & INFORMATION CENTRE, KCAET, TAVANUR

ONLINE PUBLIC ACCESS CATALOGUE (OPAC)

studies in an inflationary economy | The united Kingdom 1948-1961 (Record no. 17449)

MARC details
000 -LEADER
fixed length control field 00287nam a22001097a 4500
003 - CONTROL NUMBER IDENTIFIER
control field OSt
008 - FIXED-LENGTH DATA ELEMENTS--GENERAL INFORMATION
fixed length control field 211008b ||||| |||| 00| 0 eng d
082 ## - DEWEY DECIMAL CLASSIFICATION NUMBER
Classification number 332.41
Item number PAI/ST
100 ## - MAIN ENTRY--AUTHOR NAME
Personal name Paish,F W
245 ## - TITLE STATEMENT
Title studies in an inflationary economy
Remainder of title The united Kingdom 1948-1961
942 ## - ADDED ENTRY ELEMENTS (KOHA)
Koha item type Books
Holdings
Withdrawn status Lost status Damaged status Home library Current library Date acquired Full call number Accession Number Koha item type
Withdrawn     KAUAET KAUAET 08/10/2021 332.41 PAI/ST 10494 Books
free website counter